Detalles MARC
| 000 -LÍDER |
| Campo fijo de descripción fija |
02580amm a2200325 i 4500 |
| 001 - NÚMERO DE CONTROL |
| Campo de control |
768714001 |
| 003 - IDENTIFICADOR DEL NÚMERO DE CONTROL |
| Campo de control |
CO-MdFUSB |
| 005 - FECHA Y HORA DE LA ULTIMA TRANSACCIÓN |
| control field |
20250731083538.0 |
| 007 - CAMPO FIJO DE DESCRIPCIÓN FIJA--INFORMACIÓN GENERAL |
| Campo fijo de descripción fija |
cr aa aaaaa |
| 008 - ELEMENTOS DE LONGITUD FIJA -- INFORMACIÓN GENERAL |
| Campo fijo de descripción fija -- Información general |
240409t2012 ck ||||| |||| 00| 0 spa d |
| 040 ## - FUENTE DE CATALOGACIÓN |
| Agencia que realiza la transcripción |
CO-MdFUSB |
| 100 1# - ASIENTO PRINCIPAL--NOMBRE PERSONAL |
| Nombre personal |
Hernández Martínez, Diana Patricia |
| Término relacionador |
autor |
| 245 10 - TÍTULO |
| Título del Material |
Una perspectiva retórica de la función de la oración de Salomón en el libro de Reyes |
| Parte restante del título - Subtitulo |
/ Diana Patricia Hernández Martínez , Fabián Joseph Orjuela Pavón ; asesorado por Milton Acosta |
| Medio físico |
[electrónico] |
| 264 ## - PRODUCTION, PUBLICATION, DISTRIBUTION, MANUFACTURE, AND COPYRIGHT NOTICE |
| Lugar de procducción, publication, distribution, manufacture |
Medellín, Colombia : |
| Nombre del productor, publicador, distribuidor y manofactura |
FUSBC, |
| Fecha de producción, distribución, manufactura, o nota de copyright |
[2012] |
| 300 ## - DESCRIPCIÓN FÍSICA |
| Extensión |
57 páginas |
| 336 ## - TIPO DE CONTENIDO |
| Fuente |
rdacontent |
| Tipo de contenido |
texto |
| Content type code |
txt |
| 337 ## - TIPO DE MEDIO |
| Fuente |
rdamedia |
| Tipo de medio |
informático |
| Código |
c |
| 338 ## - TIPO DE SOPORTE |
| Fuente |
rdacarrier |
| rdacarrier |
remoto |
| Código |
cr |
| 502 ## - NOTA DE TESIS |
| Nota de Tesis |
Trabajo de grado<br/> |
| Tipo de estudio |
Teología – |
| Nombre de la Institución del grado |
Fundación Universitaria Seminario Bíblico de Colombia, |
| Año de graduación |
2012 |
| 505 ## - NOTA DE CONTENIDO |
| Nota de contenido con formato preestablecido |
La Retórica Bíblica -- Breve historia de la crítica retórica en los estudios bíblicos -- Retórica clásica -- Retórica contemporánea -- Antecedentes de la función de la oración de Salomón en el libro de Reyes -- Planteamientos de la estructura de la oración de Salomón -- Estructura quiásmica -- Estructura progresiva y temática -- Reyes y la oración de Salomón -- Vista panorámica del libro de Reyes -- Lugar, extensión e importancia de la oración en el libro de Reyes -- La retórica en el libro de los Reyes -- Retórica en la Biblia -- Propuesta de la función de la oración de Salomón (1R 8:23-53) -- Reconocer a un Dios misericordioso, fiel y justo invita a volverse a Dios -- El templo como símbolo para volverse a Dios -- La interpretación de las maldiciones, una oportunidad para volverse a Dios -- Función de la oración: Una invitación a volverse a Dios |
| 506 ## - NOTA DE RESTRICCIONES DE ACCESO |
| Condiciones de acceso |
Comprender la función de la oración de Salomón es relevante y oportuno para el estudio de las escrituras, porque permite comprender la estructura y la elaboración del texto bíblico al cumplir el propósito de comunicar un mensaje y así persuadirlo no solo al primer auditorio, sino también a los lectores posteriores. Partiendo del arte de persuasión, esto da claridad y significado a la oración de Salomón dentro del libro de Reyes. |
| 535 ## - LOCALIZACIÓN DE ORIGINALES / DUPLICADOS Y NOTAS |
| Custodian |
Recurso en REPCI |
| 630 07 - ASIENTO SECUNDARIO DE MATERIA - TITULO UNIFORME |
| Título uniforme |
Biblia. |
| Nombre de parte o sección de la obra |
Antiguo Testamento |
| 630 07 - ASIENTO SECUNDARIO DE MATERIA - TITULO UNIFORME |
| Título uniforme |
Biblia. |
| Nombre de parte o sección de la obra |
Reyes, |
| Subdivisión general |
Crítica, interpretación, etc. |
| 650 17 - ASIENTO SECUNDARIO DE MATERIA - TERMINO TEMÁTICO |
| Término temático o nombre geográfico como elemento de entrada |
Crítica literaria |
| 9 (RLIN) |
527 |
| 700 ## - ASIENTO SECUNDARIO - NOMBRE PERSONAL |
| Nombre personal |
Orjuela Pavón, Fabián Joseph, |
| 9 (RLIN) |
9210 |
| Responsabilidad |
autor |
| 700 ## - ASIENTO SECUNDARIO - NOMBRE PERSONAL |
| Nombre personal |
Acosta, Milton |
| 9 (RLIN) |
93 |
| Responsabilidad |
asesor |
| 856 ## - LOCALIZACIÓN Y ACCESO ELECTRÓNICOS |
| Nombre del sitio |
REPCI |
| Identificador Uniforme del Recurso |
https://repositorio.repci.co/handle/123456789/670 |
| 942 ## - TIPO DE MATERIAL (KOHA) |
| Tipo de Item KOHA |
Trabajos de Grado |